| 000 | 01171cam a2200325 a 4500 | ||
|---|---|---|---|
| 005 | 20240211190628.0 | ||
| 008 | 041020s2006 maua b 001 0 eng | ||
| 010 | _a 2004115411 | ||
| 020 | _a0072959827 (pbk. : acidfree paper) | ||
| 040 |
_aDLC _cDLC _dDLC |
||
| 050 | 0 | 0 |
_aBF637.C45 _bD625 2006 |
| 082 | 0 | 0 |
_a302.2 _222 |
| 092 | 0 | 4 |
_a302.2 _bD6336 2006 _221 |
| 099 |
_a04 _a302.2 D6336 2006 |
||
| 100 | 1 | _aDobkin, Bethami A. | |
| 245 | 1 | 0 |
_aCommunication in a changing world / _cBethami A. Dobkin, Roger C. Pace. |
| 250 | _a2006 ed. | ||
| 260 |
_aBoston : _bMcGraw-Hill, _cc2006. |
||
| 300 |
_a1 v. (various paging) : _bill. (some col.) ; _c26 cm. |
||
| 504 | _aIncludes bibliographical references (R1-R7) and indexes. | ||
| 538 | _aSystem requirements for accompanying computer disc: Windows 98, 2000, ME, NT 4.0, or XP; or Macintosh 9.x and higher (including OS X). | ||
| 650 | 0 | _aInterpersonal communication. | |
| 650 | 0 | _aPublic speaking. | |
| 700 | 1 | _aPace, Roger C. | |
| 856 | 4 | 1 |
_3Table of contents only _uhttp://www.loc.gov/catdir/toc/fy0705/2004115411.html |
| 902 | _a1 | ||
| 905 |
_aEman _eRev |
||
| 905 |
_aJamal _eCat. |
||
| 942 |
_2ddc _cBK |
||
| 999 |
_c125763 _d125763 |
||